| 000 | 00829cam a22002653a 4500 | ||
|---|---|---|---|
| 001 | 18752 | ||
| 003 | PGUSA | ||
| 005 | 20140828083411.0 | ||
| 008 | 060704s2006||||xxu|||||s|||||000 1 eng d | ||
| 040 |
_aPGUSA _beng |
||
| 042 | _adc | ||
| 050 | 4 | _aPZ | |
| 100 | 1 |
_aLa Motte-Fouqué, Friedrich Heinrich Karl, Freiherr de, _d1777-1843 |
|
| 245 | 1 | 0 |
_aUndine _h[electronic resource] / _cFriedrich Heinrich Karl, Freiherr de La Motte-Fouqué |
| 260 |
_bProject Gutenberg, _c2006 |
||
| 506 | _aPublic domain in the USA. | ||
| 516 | _aElectronic text | ||
| 653 | _aFairy tales | ||
| 653 | _aWater spirits -- Fiction | ||
| 700 | 1 |
_aMacGregor, Mary Esther Miller, _d1876-1961 |
|
| 700 | 1 |
_aCameron, Katharine, _d1874-1965 |
|
| 830 | 0 |
_aProject Gutenberg _v18752 |
|
| 856 | 4 | 0 | _uhttp://www.gutenberg.org/ebooks/18752 |
| 942 | _cEB | ||
| 999 |
_c248007 _d248007 |
||